[Event "17. Internationales Open Graz 2010"]
[Site "Brauhaus Puntigam, Graz"]
[Date "2010.08.29"]
[Round "2"]
[Board "1"]
[White "Buzeti, Jernej"]
[Black "Steininger, Friedrich"]
[Result "1-0"]
[WhiteElo "2251"]
[BlackElo "2129"]
[PlyCount "119"]
[EventDate "2010.08.28"]
[EventRounds "9"]
[EventCountry "AUT"]

1.e4 e6 2.d4 d5 3.Nd2 dxe4 4.Nxe4 Nd7 5.Nf3 Ngf6 6.Nxf6+ Nxf6 7.c3 c5 8.Ne5 cxd4
9.Bb5+ Nd7 10.Qf3 Qe7 11.O-O f6 12.Nxd7 Bxd7 13.Qxb7 Rd8 14.Rd1 Qc5 15.Bxd7+
Rxd7 16.Qe4 Qe5 17.Qa8+ Kf7 18.Qc6 Rd6 19.Qb7+ Be7 20.cxd4 Rxd4 21.Be3 Rxd1+
22.Rxd1 Rb8 23.Qxa7 Qxb2 24.h3 Rb7 25.Qa5 f5 26.a4 g5 27.Bd4 Qc2 28.Ra1 Bf6
29.Bxf6 Kxf6 30.Qd8+ Kg6 31.Re1 Qc6 32.Qg8+ Kf6 33.Qf8+ Kg6 34.a5 Ra7 35.Qg8+
Kf6 36.Qb8 Rb7 37.Qe5+ Kf7 38.Ra1 Ra7 39.Qh8 Kg6 40.Qd8 h6 41.Qg8+ Kf6 42.g3 Qd6
43.Qc8 f4 44.g4 e5 45.a6 Kg7 46.Rc1 e4 47.Qc3+ Kh7 48.Qc4 Qxa6 49.Qxe4+ Qg6
50.Qe5 Rd7 51.Rc8 Rg7 52.Qb8 Rg8 53.Qb7+ Rg7 54.Qb2 Rg8 55.Rc5 Rg7 56.Qe5 Rf7
57.Rc8 Rg7 58.Rd8 Rf7 59.Rc8 Rg7 60.Rd8

[Event "17. Internationales Open Graz 2010"]
[Site "Brauhaus Puntigam, Graz"]
[Date "2010.08.29"]
[Round "2"]
[Board "1"]
[White "Huber, Martin Christian"]
[Black "Basagic, Zlatko"]
[Result "1/2-1/2"]
[WhiteElo "1951"]
[BlackElo "2327"]
[PlyCount "44"]
[EventDate "2010.08.28"]
[EventRounds "9"]
[EventCountry "AUT"]

1.d4 g6 2.c4 Bg7 3.e4 d6 4.Nc3 Nc6 5.d5 Nd4 6.Be3 c5 7.Nge2 Qb6 8.Na4 Qa5+ 9.Bd2
Qa6 10.Nxd4 Bxd4 11.Nc3 Qb6 12.Qc2 a6 13.Bd3 Nf6 14.h3 e5 15.O-O Nh5 16.Ne2 O-O
17.Nxd4 cxd4 18.b4 Qd8 19.f4 exf4 20.Bxf4 Nxf4 21.Rxf4 Qg5 22.Rf3 a5

[Event "17. Internationales Open Graz 2010"]
[Site "Brauhaus Puntigam, Graz"]
[Date "2010.08.29"]
[Round "2"]
[Board "1"]
[White "Rabiega, Robert"]
[Black "Zoebisch, Herbert"]
[Result "1-0"]
[WhiteElo "2508"]
[BlackElo "2117"]
[PlyCount "61"]
[EventDate "2010.08.28"]
[EventRounds "9"]
[EventCountry "AUT"]

1.e4 e5 2.Bc4 Nf6 3.d3 c6 4.Nf3 d5 5.Bb3 Bd6 6.Nc3 d4 7.Ne2 c5 8.Ng3 Nc6 9.h3 h6
10.Nh4 Ne7 11.Qf3 Be6 12.Nhf5 Nxf5 13.Nxf5 Bxf5 14.Qxf5 Qd7 15.g4 Qxf5 16.exf5
O-O 17.f3 e4 18.fxe4 b5 19.g5 hxg5 20.Bxg5 Nxe4 21.dxe4 c4 22.Rg1 Rfe8 23.O-O-O
cxb3 24.axb3 Rxe4 25.Bf6 Bf4+ 26.Kb1 g6 27.Rg4 Be5 28.Rxe4 Bxf6 29.Rg1 Kg7
30.fxg6 fxg6 31.Reg4

[Event "17. Internationales Open Graz 2010"]
[Site "Brauhaus Puntigam, Graz"]
[Date "2010.08.29"]
[Round "2"]
[Board "1"]
[White "Lanka, Zigurds"]
[Black "Kravanja, Georg"]
[Result "1-0"]
[WhiteElo "2468"]
[BlackElo "2099"]
[PlyCount "83"]
[EventDate "2010.08.28"]
[EventRounds "9"]
[EventCountry "AUT"]

1.e4 c5 2.Nf3 d6 3.d4 cxd4 4.Nxd4 Nf6 5.Nc3 g6 6.f4 Nc6 7.Be2 Bg7 8.Be3 O-O
9.Nb3 Bd7 10.O-O a6 11.Bf3 Rb8 12.Qe2 b5 13.Rfd1 Qc8 14.Nd5 Be6 15.Kh1 Re8 16.c3
Nd8 17.Ba7 Bxd5 18.exd5 Rb7 19.Bg1 Rb8 20.g3 Nb7 21.Rd3 Nd7 22.Nd4 Nd8 23.Re1
Bf8 24.a3 Nb6 25.Qg2 Qc7 26.h4 Bg7 27.Rd2 Nd7 28.Rde2 Nc5 29.Rd1 Kh8 30.h5 a5
31.Qh3 Kg8 32.Rh2 b4 33.axb4 axb4 34.c4 Kf8 35.hxg6 hxg6 36.Nb5 Rxb5 37.cxb5 e5
38.dxe6 Ndxe6 39.Bd5 Qb6 40.Qf1 Nc7 41.Bc6 Re6 42.Qc4

[Event "17. Internationales Open Graz 2010"]
[Site "Brauhaus Puntigam, Graz"]
[Date "2010.08.29"]
[Round "2"]
[Board "1"]
[White "Webersberger, Johann"]
[Black "Matosec, Thomas"]
[Result "1-0"]
[WhiteElo "2368"]
[BlackElo "2088"]
[PlyCount "91"]
[EventDate "2010.08.28"]
[EventRounds "9"]
[EventCountry "AUT"]

1.b3 e5 2.Bb2 Nc6 3.e3 Nf6 4.Bb5 Bd6 5.Na3 a6 6.Be2 Be7 7.c4 O-O 8.Nc2 d5 9.d3
Re8 10.a3 e4 11.dxe4 dxe4 12.b4 Bd6 13.h4 a5 14.b5 Be5 15.Qc1 Bxb2 16.Qxb2 Ne5
17.Nd4 Bg4 18.f3 exf3 19.gxf3 Bh5 20.O-O-O Qe7 21.Kb1 c6 22.Ka1 Rad8 23.Nh3 c5
24.Nf5 Qe6 25.Rxd8 Rxd8 26.Nxg7 Kxg7 27.Nf4 Qf5 28.Rg1+ Bg6 29.Rg5 Rd2 30.Rxf5
Rxb2 31.Rxe5 Rb3 32.Nxg6 hxg6 33.Ka2 a4 34.Rxc5 Rxe3 35.Bd1 Nd7 36.Rd5 Nb6
37.Rd4 Rc3 38.Kb2 Rxc4 39.Rxc4 Nxc4+ 40.Kc3 Nxa3 41.Bxa4 g5 42.hxg5 Kg6 43.Kb4
Nxb5 44.Kxb5 Kxg5 45.Bb3 Kf4 46.Bd5

[Event "17. Internationales Open Graz 2010"]
[Site "Brauhaus Puntigam, Graz"]
[Date "2010.08.29"]
[Round "2"]
[Board "1"]
[White "Krumpacnik, Domen"]
[Black "Strobel, Matthias"]
[Result "1-0"]
[WhiteElo "2331"]
[BlackElo "2086"]
[PlyCount "70"]
[EventDate "2010.08.28"]
[EventRounds "9"]
[EventCountry "AUT"]

1.c4 d6 2.d4 Nf6 3.Nc3 Nbd7 4.Nf3 e5 5.g3 Be7 6.Bg2 O-O 7.O-O c6 8.b3 e4 9.Ne1
d5 10.Nc2 Qa5 11.Qd2 Qa6 12.a4 Rd8 13.c5 b6 14.b4 Qb7 15.Rb1 a6 16.Na1 Qa7
17.Nb3 Rb8 18.Qc2 bxc5 19.bxc5 a5 20.Bd2 Re8 21.Na2 Bd8 22.Bf4 Bc7 23.Qd2 Ra8
24.Nc3 Ba6 25.Rb2 Bc4 26.Rfb1 Rab8 27.Bxc7 Qxc7 28.Nd1 Rb4 29.Nxa5 Rxa4 30.Nxc4
dxc4 31.Rb7 Qd8 32.Qc2 Qa5 33.Nc3 Ra1 34.Nxe4 Rxb1+ 35.Qxb1 c3

[Event "17. Internationales Open Graz 2010"]
[Site "Brauhaus Puntigam, Graz"]
[Date "2010.08.29"]
[Round "2"]
[Board "1"]
[White "Fahrner, Kurt"]
[Black "Brandstetter, Dieter"]
[Result "1-0"]
[WhiteElo "2314"]
[BlackElo "2082"]
[PlyCount "75"]
[EventDate "2010.08.28"]
[EventRounds "9"]
[EventCountry "AUT"]

1.g3 g6 2.Bg2 Bg7 3.c4 c5 4.Nc3 Nc6 5.a3 e6 6.Rb1 Nge7 7.b4 cxb4 8.axb4 O-O
9.Ba3 Re8 10.Nf3 d5 11.c5 e5 12.O-O Bf5 13.Rc1 Qd7 14.b5 Nd8 15.d4 e4 16.Ne5 Qe6
17.c6 bxc6 18.Bxe7 Rxe7 19.bxc6 Bxe5 20.dxe5 Nxc6 21.Nxd5 Nxe5 22.Nxe7+ Qxe7
23.Qd5 Rd8 24.Qc5 Qxc5 25.Rxc5 Ng4 26.h3 Nf6 27.g4 Be6 28.g5 Nh5 29.e3 f5 30.Ra1
Rd7 31.Rc6 Bd5 32.Rca6 f4 33.Rxa7 Rxa7 34.Rxa7 fxe3 35.fxe3 Ng3 36.Rd7 Bc6
37.Rd6 Bb5 38.Kf2

[Event "17. Internationales Open Graz 2010"]
[Site "Brauhaus Puntigam, Graz"]
[Date "2010.08.29"]
[Round "2"]
[Board "1"]
[White "Gutmann, Alois"]
[Black "Fauland, Peter"]
[Result "0-1"]
[WhiteElo "2087"]
[BlackElo "2243"]
[PlyCount "86"]
[EventDate "2010.08.28"]
[EventRounds "9"]
[EventCountry "AUT"]

1.d4 d6 2.c4 e5 3.dxe5 dxe5 4.Qxd8+ Kxd8 5.Bd2 Be6 6.e3 Nd7 7.Nf3 f6 8.Bc3 Ke8
9.Be2 Nh6 10.Nbd2 Be7 11.O-O g5 12.Rfd1 Rd8 13.b4 Kf7 14.Nb3 Nb6 15.Na5 Rxd1+
16.Rxd1 Na4 17.Be1 g4 18.Nh4 b6 19.Nc6 a6 20.Rb1 Bd7 21.Nxe7 Kxe7 22.Bd1 Rd8
23.Bc2 f5 24.f3 Rf8 25.Bd2 Kf6 26.fxg4 Nxg4 27.Nxf5 Bxf5 28.Bxf5 Rd8 29.Bxg4
Rxd2 30.Rf1+ Kg6 31.Rf2 Rd6 32.Rc2 c5 33.a3 Rd3 34.Kf2 Rxa3 35.Bd7 cxb4 36.Rd2
Nc5 37.Be8+ Kf5 38.Rd8 b3 39.Rb8 b2 40.Rxb6 Rb3 41.g4+ Kxg4 42.Bd7+ Kg5 43.h4+
Kxh4

[Event "17. Internationales Open Graz 2010"]
[Site "Brauhaus Puntigam, Graz"]
[Date "2010.08.29"]
[Round "2"]
[Board "1"]
[White "Teuschler, Hugo"]
[Black "Bensch, Patrick"]
[Result "1/2-1/2"]
[WhiteElo "2043"]
[BlackElo "2213"]
[PlyCount "77"]
[EventDate "2010.08.28"]
[EventRounds "9"]
[EventCountry "AUT"]

1.e4 c5 2.Nf3 Nc6 3.d4 cxd4 4.Nxd4 Nf6 5.Nc3 e5 6.Ndb5 d6 7.Bg5 a6 8.Na3 b5
9.Nd5 Be7 10.Bxf6 Bxf6 11.c3 O-O 12.Nc2 Bg5 13.a4 bxa4 14.Rxa4 a5 15.Bc4 Rb8
16.b3 Kh8 17.Nce3 g6 18.h4 Bxh4 19.g3 Bg5 20.Ra2 f5 21.f4 exf4 22.Rah2 Rb7
23.gxf4 Bf6 24.exf5 Bxf5 25.Nxf5 gxf5 26.Qh5 Qe8+ 27.Kd2 Qxh5 28.Rxh5 Rg7 29.Rh6
Bd8 30.Rxd6 Ne7 31.Rf6 Rxf6 32.Nxf6 Ng6 33.Nd5 Nh4 34.Kd3 Rg4 35.Re1 Rg3+ 36.Kc2
Rg2+ 37.Kd3 Rg3+ 38.Kc2 Rg2+ 39.Kd3

[Event "17. Internationales Open Graz 2010"]
[Site "Brauhaus Puntigam, Graz"]
[Date "2010.08.29"]
[Round "2"]
[Board "1"]
[White "Holzbauer, Johannes"]
[Black "Halvax, Georg"]
[Result "0-1"]
[WhiteElo "2036"]
[BlackElo "2255"]
[PlyCount "102"]
[EventDate "2010.08.28"]
[EventRounds "9"]
[EventCountry "AUT"]

1.e4 e5 2.Nf3 Nc6 3.d4 exd4 4.Nxd4 Nf6 5.Nxc6 bxc6 6.Nc3 Bb4 7.Bd3 O-O 8.O-O Re8
9.Bg5 h6 10.Bh4 g5 11.Bg3 Bxc3 12.bxc3 Nxe4 13.Qh5 Kg7 14.h4 d6 15.Bxe4 Rxe4
16.hxg5 Qxg5 17.Qf3 Bf5 18.Rae1 Rae8 19.Rxe4 Bxe4 20.Qd1 c5 21.Kh2 Qf5 22.Qd2
Bxc2 23.Re1 Rxe1 24.Qxe1 Qh5+ 25.Kg1 Qd1 26.Qxd1 Bxd1 27.Bh4 Kf8 28.Kf1 Ke8
29.Ke1 Bh5 30.Kd2 Kd7 31.f3 Bg6 32.Bf2 Kc6 33.c4 Kb6 34.Kc3 Bb1 35.a3 h5 36.Bg3
Ka5 37.Bh4 Kb6 38.Bg5 Kc6 39.Be3 Ba2 40.Bf2 Kd7 41.Be3 c6 42.Bf2 a6 43.a4 a5
44.Be3 Kc8 45.Bf4 d5 46.Bd6 Bxc4 47.Bxc5 Bf1 48.g3 Be2 49.f4 Bd1 50.Bb6 Kb7
51.Bxa5 c5

[Event "17. Internationales Open Graz 2010"]
[Site "Brauhaus Puntigam, Graz"]
[Date "2010.08.29"]
[Round "2"]
[Board "1"]
[White "Boehmer, Ernst"]
[Black "Schieder, Josef"]
[Result "1-0"]
[WhiteElo "2128"]
[BlackElo "2064"]
[PlyCount "64"]
[EventDate "2010.08.28"]
[EventRounds "9"]
[EventCountry "AUT"]

1.d4 d5 2.c4 c6 3.Nc3 Nf6 4.e3 a6 5.Nf3 b5 6.cxd5 cxd5 7.Bd3 Bb7 8.Ne5 e6 9.Bd2
Bd6 10.f4 Nbd7 11.O-O h5 12.Qf3 Nb6 13.Qg3 Rg8 14.Bg6 Rf8 15.f5 exf5 16.Bxf5 Nc4
17.Be1 Qe7 18.Qxg7 Nxe5 19.Bh4 Ned7 20.Bxd7+ Qxd7 21.Qxf6 Rg8 22.Rf5 Qe6 23.Raf1
Rg4 24.Rxh5 b4 25.Rh8+ Kd7 26.Rxa8 bxc3 27.Rd8+ Kc6 28.bxc3 Rxh4 29.Rxd6+ Kxd6
30.Qxh4 Qxe3+ 31.Kh1 Qxc3 32.Qd8+ Kc6

[Event "17. Internationales Open Graz 2010"]
[Site "Brauhaus Puntigam, Graz"]
[Date "2010.08.29"]
[Round "2"]
[Board "1"]
[White "Horvath, Reka"]
[Black "Zankl, Thomas"]
[Result "1/2-1/2"]
[WhiteElo "1967"]
[BlackElo "2122"]
[PlyCount "32"]
[EventDate "2010.08.28"]
[EventRounds "9"]
[EventCountry "AUT"]

1.e4 e6 2.d4 d5 3.Nd2 dxe4 4.Nxe4 Nd7 5.Bd3 Ngf6 6.Nxf6+ Nxf6 7.Nf3 Be7 8.O-O
O-O 9.Ne5 c5 10.dxc5 Bxc5 11.Qe2 Qc7 12.Bg5 Be7 13.Rfe1 Nd5 14.Bxe7 Qxe7 15.Qe4
f5 16.Qa4 Qb4

[Event "17. Internationales Open Graz 2010"]
[Site "Brauhaus Puntigam, Graz"]
[Date "2010.08.29"]
[Round "2"]
[Board "1"]
[White "Wallner, Dieter"]
[Black "Kollmann, Christoph"]
[Result "1-0"]
[WhiteElo "2117"]
[BlackElo "2043"]
[PlyCount "55"]
[EventDate "2010.08.28"]
[EventRounds "9"]
[EventCountry "AUT"]

1.d4 d6 2.g3 e5 3.dxe5 dxe5 4.Qxd8+ Kxd8 5.Bg2 c6 6.Nf3 f6 7.O-O Be6 8.b3 Nd7
9.c4 Bc5 10.Nc3 h5 11.Ne4 Be7 12.Nh4 Nf8 13.f4 f5 14.Ng5 Bxg5 15.fxg5 Ne7 16.e4
fxe4 17.Bxe4 Nd7 18.Ba3 Re8 19.Rad1 Nc8 20.Nf5 Rg8 21.Nd6 Kc7 22.Bh7 Rh8 23.Bf5
Bxf5 24.Rxf5 Ncb6 25.Nf7 Rhe8 26.Bd6+ Kc8 27.g6 e4 28.Bf4

[Event "17. Internationales Open Graz 2010"]
[Site "Brauhaus Puntigam, Graz"]
[Date "2010.08.29"]
[Round "2"]
[Board "1"]
[White "Schriebl, Alexander"]
[Black "Kreiner, Stefan"]
[Result "0-1"]
[WhiteElo "2072"]
[BlackElo "1926"]
[PlyCount "132"]
[EventDate "2010.08.28"]
[EventRounds "9"]
[EventCountry "AUT"]

1.d4 d5 2.Nf3 Nf6 3.g3 c6 4.Bg2 Bg4 5.Nbd2 Nbd7 6.O-O Qc7 7.c4 Bxf3 8.Nxf3 e6
9.Qc2 c5 10.Bf4 Bd6 11.Bxd6 Qxd6 12.cxd5 Nxd5 13.dxc5 Qxc5 14.Qd3 O-O 15.Rac1
Qa5 16.a3 Rfd8 17.b4 Qb6 18.Rfd1 a5 19.b5 a4 20.e4 N5f6 21.Qe2 Rac8 22.Rb1 Rc3
23.e5 Ng4 24.h3 Nh6 25.Rd3 Rxd3 26.Qxd3 Nxe5 27.Qc2 Nd3 28.Rd1 Nxf2 29.Rxd8+
Qxd8 30.Kxf2 Nf5 31.Qxa4 Qb6+ 32.Ke2 Nxg3+ 33.Kd3 g6 34.Nd4 e5 35.Nc2 Qd8+
36.Kc3 Ne2+ 37.Kb2 Qg5 38.Qa8+ Kg7 39.Qxb7 Qc1+ 40.Kb3 Qb1+ 41.Ka4 Qxc2+ 42.Ka5
Nf4 43.Bc6 Nd3 44.Qe7 Qc3+ 45.Kb6 Qd4+ 46.Kc7 Nf4 47.Qd6 Ne6+ 48.Kd7 Qb2 49.Qb4
Qh2 50.b6 Qxh3 51.Qd6 e4 52.b7 Nc5+ 53.Ke8 Nxb7 54.Qf8+ Kf6 55.Qxf7+ Kg5 56.Qe7+
Kh6 57.Bxb7 e3 58.Ba6 Qf3 59.Qf8+ Qxf8+ 60.Kxf8 Kg5 61.Kg7 h5 62.Be2 h4 63.a4 h3
64.a5 h2 65.Bf3 e2 66.a6 e1=Q

[Event "17. Internationales Open Graz 2010"]
[Site "Brauhaus Puntigam, Graz"]
[Date "2010.08.30"]
[Round "3"]
[Board "1"]
[White "Shengelia, David"]
[Black "Danner, Georg"]
[Result "1-0"]
[WhiteElo "2582"]
[BlackElo "2418"]
[PlyCount "59"]
[EventDate "2010.08.28"]
[EventRounds "9"]
[EventCountry "AUT"]

1.e4 c5 2.b3 e5 3.Bb2 d6 4.Bb5+ Nc6 5.Bxc6+ bxc6 6.Ne2 Nf6 7.d3 g6 8.O-O Bg7
9.f4 exf4 10.Nxf4 O-O 11.Qf3 Ng4 12.Bxg7 Kxg7 13.Nd2 Qh4 14.h3 Ne5 15.Qe3 Bd7
16.d4 cxd4 17.Qxd4 Qe7 18.Nc4 Rad8 19.Rad1 f5 20.Nxd6 fxe4 21.Nb7 Rde8 22.Nc5
Bc8 23.Nfe6+ Bxe6 24.Qxe5+ Kg8 25.Rxf8+ Qxf8 26.Nxe6 Qe7 27.Rd6 e3 28.Rxc6 e2
29.Qxe2 Qd7 30.Qc4

[Event "17. Internationales Open Graz 2010"]
[Site "Brauhaus Puntigam, Graz"]
[Date "2010.08.30"]
[Round "3"]
[Board "1"]
[White "Fauland, Alexander"]
[Black "Mohr, Georg"]
[Result "0-1"]
[WhiteElo "2406"]
[BlackElo "2511"]
[PlyCount "94"]
[EventDate "2010.08.28"]
[EventRounds "9"]
[EventCountry "AUT"]

1.Nf3 c5 2.c4 g6 3.d4 Bg7 4.e4 d6 5.Nc3 Nc6 6.d5 Nd4 7.Nxd4 cxd4 8.Nb5 Qb6 9.c5
Qxc5 10.Bd2 Qb6 11.Rc1 Kf8 12.Qa4 Qd8 13.Nc7 Bd7 14.Bb5 Rc8 15.Bxd7 Rxc7 16.Rxc7
Qxc7 17.O-O Qb6 18.Rc1 Bh6 19.Bxh6+ Nxh6 20.b4 Kg7 21.Rc4 Ng8 22.Bh3 Nf6 23.Qc2
a5 24.b5 Qxb5 25.Rxd4 Rb8 26.g3 Qe8 27.Qc3 Qd8 28.Rd1 b5 29.Rc1 b4 30.Qc2 Qb6
31.Bg2 Kg8 32.Qb2 a4 33.Rc6 Qa7 34.Bf3 a3 35.Qb3 Nd7 36.Bd1 Qd4 37.Qb1 Ne5
38.Rc2 Kg7 39.Re2 Rc8 40.Kg2 Rc3 41.Ba4 Qc4 42.Re1 Nd3 43.Re3 Nc5 44.Bb5 Qd4
45.Re2 b3 46.axb3 Rxb3 47.Qc1 Rxb5

[Event "17. Internationales Open Graz 2010"]
[Site "Brauhaus Puntigam, Graz"]
[Date "2010.08.30"]
[Round "3"]
[Board "1"]
[White "Kasparov, Sergey"]
[Black "Buzeti, Jernej"]
[Result "1-0"]
[WhiteElo "2492"]
[BlackElo "2251"]
[PlyCount "81"]
[EventDate "2010.08.28"]
[EventRounds "9"]
[EventCountry "AUT"]

1.e4 c5 2.Nf3 d6 3.d4 cxd4 4.Nxd4 Nf6 5.f3 e5 6.Nb3 Be6 7.c4 a5 8.Be3 a4 9.N3d2
Qa5 10.Nc3 Be7 11.Be2 O-O 12.O-O Bd8 13.Kh1 Bb6 14.Bg5 Bd8 15.Be3 Bb6 16.Bxb6
Qxb6 17.Nxa4 Qe3 18.Nc3 Nc6 19.Re1 Nh5 20.Bf1 Qb6 21.Nb5 f5 22.Qb3 Qf2 23.Qe3
Qh4 24.exf5 Ng3+ 25.Kg1 Nxf5 26.Qf2 Qe7 27.Bd3 Nfd4 28.Nxd4 Nxd4 29.Nb3 Nc6
30.Be4 Bxc4 31.Bxh7+ Kh8 32.Bc2 Rf4 33.a3 Raf8 34.Rad1 Qf7 35.Re3 d5 36.Nd2 Ba6
37.Qg3 e4 38.Nb3 Kg8 39.Nd4 Qh5 40.Ne6 exf3 41.Qxg7#

[Event "17. Internationales Open Graz 2010"]
[Site "Brauhaus Puntigam, Graz"]
[Date "2010.08.30"]
[Round "3"]
[Board "1"]
[White "Mihevc Mohr, Narcisa"]
[Black "Rabiega, Robert"]
[Result "0-1"]
[WhiteElo "2142"]
[BlackElo "2508"]
[PlyCount "84"]
[EventDate "2010.08.28"]
[EventRounds "9"]
[EventCountry "AUT"]

1.e4 e5 2.Nf3 Nc6 3.Nc3 Nf6 4.a3 d6 5.d4 exd4 6.Nxd4 Be7 7.h3 O-O 8.Be3 Bd7
9.Qd2 Nxd4 10.Bxd4 c5 11.Be3 Bc6 12.f3 d5 13.exd5 Nxd5 14.Nxd5 Bh4+ 15.Bf2 Re8+
16.Be2 Bxd5 17.O-O Bg5 18.f4 Bxg2 19.Qxd8 Bxd8 20.Rfe1 Bc6 21.Bxc5 Bh4 22.Bf2
Bxf2+ 23.Kxf2 Re4 24.Rad1 g6 25.f5 Rf4+ 26.Kg3 Rxf5 27.Rf1 Rg5+ 28.Kf4 Rg2
29.Bd3 Kg7 30.Rg1 Rf2+ 31.Kg3 Rf3+ 32.Kh2 Re8 33.Rde1 Ree3 34.Rxe3 Rxe3 35.Rd1
h5 36.Bf1 g5 37.Rd4 f5 38.b4 Kf6 39.Bd3 g4 40.hxg4 fxg4 41.Rf4+ Kg5 42.Rf5+ Kh4

[Event "17. Internationales Open Graz 2010"]
[Site "Brauhaus Puntigam, Graz"]
[Date "2010.08.30"]
[Round "3"]
[Board "1"]
[White "Fauland, Peter"]
[Black "Sakelsek, Tadej"]
[Result "1/2-1/2"]
[WhiteElo "2243"]
[BlackElo "2407"]
[PlyCount "34"]
[EventDate "2010.08.28"]
[EventRounds "9"]
[EventCountry "AUT"]

1.Nf3 Nf6 2.d4 e6 3.Bg5 h6 4.Bh4 c5 5.c3 cxd4 6.cxd4 Qa5+ 7.Nbd2 g5 8.Bg3 Nc6
9.e3 Ne4 10.Bd3 Nxg3 11.hxg3 Bg7 12.a3 d5 13.b4 Qd8 14.Rc1 Bd7 15.Nb3 a5 16.b5
Ne7 17.a4 b6

[Event "17. Internationales Open Graz 2010"]
[Site "Brauhaus Puntigam, Graz"]
[Date "2010.08.30"]
[Round "3"]
[Board "1"]
[White "Jetzl, Joerg"]
[Black "Webersberger, Johann"]
[Result "0-1"]
[WhiteElo "2210"]
[BlackElo "2368"]
[PlyCount "76"]
[EventDate "2010.08.28"]
[EventRounds "9"]
[EventCountry "AUT"]

1.d4 g6 2.Nf3 Bg7 3.c4 d6 4.g3 Nf6 5.Bg2 O-O 6.O-O Nc6 7.d5 Na5 8.Nfd2 c5 9.Nc3
a6 10.Qc2 Rb8 11.b3 b5 12.Bb2 Bf5 13.e4 Bd7 14.Rab1 e5 15.Nd1 Nh5 16.Ne3 Qe7
17.Rbe1 f5 18.exf5 gxf5 19.f4 e4 20.Rf2 Bd4 21.Bf1 Qg7 22.Bc1 Nf6 23.Bh3 Qg6
24.Ndf1 bxc4 25.bxc4 h5 26.Bd2 Rb2 27.Qc1 Rxa2 28.Bc3 Nb3 29.Rxa2 Nxc1 30.Rxc1
Rb8 31.Rxa6 Rb3 32.Bd2 h4 33.Rxd6 hxg3 34.hxg3 Rb2 35.Rd1 Qh5 36.Kg2 Qf3+ 37.Kh2
Bxe3 38.Nxe3 Qxe3

[Event "17. Internationales Open Graz 2010"]
[Site "Brauhaus Puntigam, Graz"]
[Date "2010.08.30"]
[Round "3"]
[Board "1"]
[White "Schachinger, Mario"]
[Black "Staufenberger, Bernd"]
[Result "1-0"]
[WhiteElo "2353"]
[BlackElo "2071"]
[PlyCount "83"]
[EventDate "2010.08.28"]
[EventRounds "9"]
[EventCountry "AUT"]

1.d4 d5 2.c4 e6 3.Nf3 c6 4.e3 f5 5.Bd3 Nh6 6.O-O Bd6 7.b3 Nd7 8.Ba3 Qe7 9.Bxd6
Qxd6 10.Nc3 O-O 11.Qc2 Nf6 12.g3 Bd7 13.Ne5 Nfg4 14.Nf3 Qe7 15.h3 Nf6 16.Ne5 Ne4
17.Kh2 Nxc3 18.Qxc3 Nf7 19.Nxf7 Qxf7 20.Qb4 Be8 21.Qd6 Qf6 22.cxd5 exd5 23.Qxf6
Rxf6 24.Rac1 Kf8 25.Rc5 Rd8 26.b4 a6 27.a4 Rdd6 28.Rb1 g5 29.b5 axb5 30.axb5 h5
31.bxc6 bxc6 32.Rb8 f4 33.exf4 gxf4 34.g4 hxg4 35.hxg4 Ke7 36.Ra5 Bd7 37.Ra7
Rh6+ 38.Kg2 Kf6 39.Rf8+ Kg5 40.Rg8+ Kh4 41.Ra1 f3+ 42.Kxf3

[Event "17. Internationales Open Graz 2010"]
[Site "Brauhaus Puntigam, Graz"]
[Date "2010.08.30"]
[Round "3"]
[Board "1"]
[White "Tomazini, Zan"]
[Black "Krumpacnik, Domen"]
[Result "0-1"]
[WhiteElo "2188"]
[BlackElo "2331"]
[PlyCount "108"]
[EventDate "2010.08.28"]
[EventRounds "9"]
[EventCountry "AUT"]

1.e4 e6 2.Nf3 d5 3.e5 c5 4.c3 Ne7 5.Na3 Qa5 6.Be2 Nbc6 7.O-O c4 8.b4 Qd8 9.d3
cxd3 10.Bxd3 Ng6 11.Qe2 f6 12.exf6 gxf6 13.b5 Nce5 14.Nxe5 Nxe5 15.Qh5+ Kd7
16.Be2 Qe8 17.Qh4 Qg6 18.c4 Rg8 19.g3 b6 20.cxd5 exd5 21.Rd1 Bb7 22.Nc4 Kc7
23.Nxe5 fxe5 24.Bd3 Qg4 25.Qxg4 Rxg4 26.Bxh7 Bc5 27.Bf5 Rb4 28.g4 Rf8 29.Kg2 Bc8
30.Bxc8 Kxc8 31.f3 e4 32.Ba3 exf3+ 33.Kf1 Rxg4 34.Bxc5 bxc5 35.Rxd5 c4 36.Rd2
Kb7 37.Re1 Kb6 38.Re7 Rf5 39.a4 c3 40.Rc2 f2 41.Rxf2 Rxf2+ 42.Kxf2 Rc4 43.Re6+
Ka5 44.Ra6+ Kb4 45.b6 axb6 46.Rxb6+ Ka3 47.Rb1 c2 48.Re1 Kxa4 49.Rc1 Kb3 50.Kg3
Kb2 51.Rxc2+ Kxc2 52.h4 Kd3 53.h5 Ke3 54.h6 Rc6

[Event "17. Internationales Open Graz 2010"]
[Site "Brauhaus Puntigam, Graz"]
[Date "2010.08.30"]
[Round "3"]
[Board "1"]
[White "Huber, Martin Christian"]
[Black "Fahrner, Kurt"]
[Result "0-1"]
[WhiteElo "1951"]
[BlackElo "2314"]
[PlyCount "76"]
[EventDate "2010.08.28"]
[EventRounds "9"]
[EventCountry "AUT"]

1.d4 g6 2.c4 Bg7 3.e4 c5 4.d5 d6 5.Nc3 a6 6.a4 Bxc3+ 7.bxc3 Qa5 8.Qc2 f5 9.exf5
Bxf5 10.Bd3 Bxd3 11.Qxd3 Nd7 12.Nf3 Ngf6 13.O-O O-O-O 14.Ng5 Ne5 15.Qc2 Rde8
16.Qb3 b5 17.axb5 Qxa1 18.Ba3 Qxf1+ 19.Kxf1 a5 20.b6 Kb7 21.Qb5 Rc8 22.Ne6 Ned7
23.Nc7 Nxb6 24.Qc6+ Ka7 25.Nb5+ Ka6 26.Nc7+ Rxc7 27.Qxc7 Nfd7 28.Qc6 Ne5 29.Qb5+
Kb7 30.Bc1 Nexc4 31.Ke2 a4 32.Kd3 Rf8 33.f4 Rf5 34.Ke4 Rxd5 35.Qe8 Rd1 36.Qxe7+
Ka6 37.Qxh7 Rxc1 38.Qxg6 a3

[Event "17. Internationales Open Graz 2010"]
[Site "Brauhaus Puntigam, Graz"]
[Date "2010.08.30"]
[Round "3"]
[Board "1"]
[White "Bensch, Patrick"]
[Black "Nickl, Klaus"]
[Result "0-1"]
[WhiteElo "2213"]
[BlackElo "2162"]
[PlyCount "94"]
[EventDate "2010.08.28"]
[EventRounds "9"]
[EventCountry "AUT"]

1.e4 e6 2.d4 d5 3.Nc3 h6 4.Nf3 Nf6 5.e5 Ne4 6.Bd3 Nxc3 7.bxc3 c5 8.O-O c4 9.Be2
Be7 10.Rb1 Qa5 11.Bd2 Nd7 12.Kh1 Nb6 13.Ng1 Bd7 14.f4 O-O-O 15.f5 exf5 16.g4 g6
17.gxf5 gxf5 18.Bh5 Rdf8 19.Ne2 Bg5 20.Ng3 f6 21.Nxf5 fxe5 22.Nd6+ Kc7 23.Nf7
Rhg8 24.Bxg5 hxg5 25.Qe1 Kb8 26.Qxe5+ Ka8 27.Nh6 Bh3 28.Nxg8 Bxf1 29.Qg7 Qa3
30.Ne7 Nd7 31.Nxd5 Bh3 32.Re1 a6 33.Qxg5 Qd6 34.Ne3 Qe6 35.Bg4 Qe4+ 36.Kg1 Bxg4
37.Qxg4 Qh7 38.Kh1 Rf2 39.h3 Nf6 40.Qc8+ Ka7 41.Nxc4 Ne4 42.Qe6 Rf6 43.Qc8 Qh4
44.Rg1 Rf3 45.Kh2 Qf4+ 46.Kh1 Nf2+ 47.Kg2 Rg3+

[Event "17. Internationales Open Graz 2010"]
[Site "Brauhaus Puntigam, Graz"]
[Date "2010.08.30"]
[Round "3"]
[Board "1"]
[White "Basagic, Zlatko"]
[Black "Boehmer, Ernst"]
[Result "1-0"]
[WhiteElo "2327"]
[BlackElo "2128"]
[PlyCount "67"]
[EventDate "2010.08.28"]
[EventRounds "9"]
[EventCountry "AUT"]

1.d4 Nf6 2.c4 c5 3.d5 d6 4.Nc3 e6 5.e4 exd5 6.cxd5 g6 7.Bd3 Bg7 8.Nge2 O-O 9.O-O
a6 10.a4 Ng4 11.h3 Ne5 12.Bc2 Nbd7 13.f4 Nc4 14.Rb1 b5 15.axb5 axb5 16.Nxb5 Ba6
17.Nbc3 Ncb6 18.Re1 Re8 19.Ng3 Qh4 20.Qf3 Nf6 21.Rd1 Nfd7 22.Be3 Nc4 23.Bf2 Qd8
24.e5 dxe5 25.f5 g5 26.Nge4 f6 27.d6 Rb8 28.Ra1 Rxb2 29.Rxa6 Rxc2 30.Qd3 Rxc3
31.Qxc3 Ncb6 32.Bxc5 Qc8 33.Rxb6 Nxb6 34.Qb3+

[Event "17. Internationales Open Graz 2010"]
[Site "Brauhaus Puntigam, Graz"]
[Date "2010.08.30"]
[Round "3"]
[Board "1"]
[White "Steininger, Friedrich"]
[Black "Perhinig, Robert"]
[Result "1-0"]
[WhiteElo "2129"]
[BlackElo "2262"]
[PlyCount "93"]
[EventDate "2010.08.28"]
[EventRounds "9"]
[EventCountry "AUT"]

1.d4 d5 2.c4 c6 3.Nf3 Nf6 4.Nc3 e6 5.Bg5 h6 6.Bf4 dxc4 7.e4 b5 8.e5 Nd5 9.Bd2
Nxc3 10.bxc3 Bb7 11.a4 Be7 12.g3 Nd7 13.Rb1 Ba6 14.Bg2 Nb6 15.O-O Nxa4 16.d5
cxd5 17.Nd4 O-O 18.Qg4 Kh7 19.f4 f5 20.exf6 Rxf6 21.Rbe1 Bc8 22.Qe2 Bc5 23.Kh1
b4 24.Nc6 Qb6 25.Ne5 bxc3 26.Bc1 Qb3 27.g4 g6 28.Rf3 Bf8 29.g5 Rf5 30.Rh3 Bg7
31.Qg4 Rxe5 32.fxe5 Qc2 33.Rxh6+ Kg8 34.Rh3 Kf8 35.Rh7 Kg8 36.Rxg7+ Kxg7 37.Qh3
Bd7 38.Qh6+ Kg8 39.Be4 Qf2 40.Qxg6+ Kf8 41.Ba3+ Nc5 42.Bxc5+ Qxc5 43.Qf6+ Kg8
44.Qg6+ Kf8 45.Rf1+ Ke7 46.Qf6+ Ke8 47.Bg6#